|
|
|
|
| LEADER |
00000nab a2200000 a 4500 |
| 001 |
vtls000166627 |
| 003 |
SK-MaSNL |
| 005 |
20260302203259.0 |
| 008 |
220422c1983 xo 0 slo |
| 015 |
|
|
|a SNBRB19rr/mm-uuuuu
|
| 035 |
|
|
|a CL0176738
|
| 040 |
|
|
|a SNKBUCL
|b slo
|c SNKBUCL
|e AACR2
|
| 041 |
0 |
|
|a slo
|
| 044 |
|
|
|a xo
|c SK
|
| 080 |
|
|
|a 613.83:615.015.6(437.67)"1976-1980"
|2 1981
|
| 080 |
|
|
|a 615.015.6(437.67)"1976-1980"
|2 1981
|
| 245 |
0 |
0 |
|a Dekompenzácie drogových závislostí v rokoch 1976-1980 v časti Východoslovenského kraja ; M. Krížová, J. Lukáč, A. Hrdličková, M. Kríž
|
| 300 |
|
|
|b Tb. 2. Grafy 2. Res. slov., rus., angl., lit. 16 zázn. v slov., češ., angl.
|
| 650 |
0 |
7 |
|a drogy
|2 snkbucl
|9 1552
|
| 655 |
|
7 |
|a články z novín a časopisov
|2 snkbucl
|9 267496
|
| 700 |
1 |
|
|a Krížová, M.
|4 aut
|9 923213
|
| 700 |
1 |
|
|a Lukáč, J.
|4 aut
|9 469498
|
| 700 |
1 |
|
|a Hrdličková, A.
|4 aut
|9 926130
|
| 700 |
1 |
|
|a Kríž, M.
|4 aut
|9 923212
|
| 773 |
0 |
|
|t Československé zdravotnictví
|g Roč. 31, č. 11 (1983), s. 469-475
|
| 850 |
|
|
|a Slovenská národná knižnica v Martine
|a MTA001
|
| 852 |
|
|
|a SNK
|b KIS3GCP
|
| 958 |
|
|
|a NB
|
| 958 |
|
|
|a RK
|
| 958 |
|
|
|a ME
|
| 992 |
|
|
|a RBX
|
| 999 |
|
|
|c 1468646
|d 1470576
|